Del paternalismo a la justicia social / (Record no. 62827)
[ view plain ]
| 000 -LEADER | |
|---|---|
| campo de control de longitud fija | 00746nam a2200229 i 4500 |
| 001 - NÚMERO DE CONTROL | |
| campo de control | 62827 |
| 003 - IDENTIFICADOR DE NÚMERO DE CONTROL | |
| campo de control | ES-MaACL |
| 005 - FECHA Y HORA DE LA ÚLTIMA TRANSACCIÓN | |
| campo de control | 20250727034606.0 |
| 007 - CAMPO FIJO DE DESCRIPCIÓN FÍSICA--INFORMACIÓN GENERAL | |
| campo de control de longitud fija | t| |
| 008 - DATOS DE LONGITUD FIJA--INFORMACIÓN GENERAL | |
| campo de control de longitud fija | 031126s1956 sp ||||1| spa d |
| 100 1# - ENTRADA PRINCIPAL--NOMBRE DE PERSONA | |
| Nombre de persona | Fernández de Castro, Ignacio. |
| 9 (RLIN) | 49639 |
| 245 10 - MENCIÓN DEL TÍTULO | |
| Título | Del paternalismo a la justicia social / |
| Mención de responsabilidad, etc. | Ignacio Fernández de Castro. |
| 250 ## - MENCION DE EDICION | |
| Mención de edición | 1ª ed. |
| 260 ## - PUBLICACIÓN, DISTRIBUCIÓN, ETC. | |
| Lugar de publicación, distribución, etc. | Madrid : |
| Nombre del editor, distribuidor, etc. | Euramérica, |
| Fecha de publicación, distribución, etc. | [1956] ( |
| Lugar de fabricación/manufactura | Cáceres : |
| Fabricante | Ibarra) |
| 300 ## - DESCRIPCIÓN FÍSICA | |
| Extensión | 182 p. ; |
| Dimensiones | 18 cm. |
| 490 1# - MENCIÓN DE SERIE | |
| Mención de serie | Mundo mejor. Serie IV ; |
| Designación de volumen o secuencia | 2 |
| 650 #7 - PUNTO DE ACCESO ADICIONAL DE MATERIA--TÉRMINO DE MATERIA | |
| Término de materia o nombre geográfico como elemento de entrada | Problemas sociales |
| Fuente del encabezamiento o término | embne |
| 9 (RLIN) | 16415 |
| 650 #7 - PUNTO DE ACCESO ADICIONAL DE MATERIA--TÉRMINO DE MATERIA | |
| Término de materia o nombre geográfico como elemento de entrada | Iglesia y problemas sociales |
| Fuente del encabezamiento o término | embne |
| 9 (RLIN) | 13569 |
| 830 1# - PUNTO DE ACCESO ADICIONAL DE SERIE-TÍTULO UNIFORME | |
| Título uniforme | Mundo mejor. Serie IV ; |
| Designación de volumen o secuencia | 2 |
| 9 (RLIN) | 230642 |
| 852 ## - LOCALIZACIÓN | |
| Ubicación | ES-MaACL |
| Número de control de estantería | C-11943 |
| Estatus retirado | Estado de pérdida | Estado de daño | No para préstamo | Biblioteca de origen | Biblioteca actual | Ubicación en estantería | Fecha de adquisición | Fuente de adquisición | Total de préstamos | Signatura topográfica completa | Código de barras | Visto por última vez | Precio de reemplazo | Tipo de ítem Koha |
|---|---|---|---|---|---|---|---|---|---|---|---|---|---|---|
| Biblioteca del Ateneo de Madrid | Biblioteca del Ateneo de Madrid | Sala Palomar | 17/01/2008 | C-11943 | 1065865 | 23/02/2023 | 23/02/2023 | Libro impreso |
